000 00455nam a22001931a 4500
001 7391
003 OSt
005 20260204212129.0
008 071117s1990||||ag ||||||b||||||||||spa||
020 _a9505073550
050 _a371.42 M912a
100 _aMuller, Marina
245 _aAprender para ser / Marina Muller
264 _aArgentina : Bonum
300 _a270 p
500 _aBibliografía
650 _aFormación VocacionalÌ
942 _2ddc
_cBK
999 _c7391
_d7391